000
00327 a2200145 4500
001
169305
020
_a
040
_c
Magnum
100
_a
Carrano, Paulo Cesar R. (Org.)
240
1
0
_a
Futebol: paixao e politica
_l
por
245
1
0
_a
Futebol: paixao e politica
362
0
_a
1899
697
_a
EDUCACAO FISICA
942
_c
BK
999
_c
169305
_d
169305